000 05323cam a2201093 4500
001 L158969
008 030723n2015 000 0 eng u
020 _a9781783210718
035 _a(Sirsi) u158969
041 _aeng
050 _a690.072
_c18
110 _aConstruction and Building Research Conference
_n
_d2015
245 _aConstruction and Building Research
_bproceedings of RICS COBRA 2015, 8-10 July 2015
260 _aLondon
_bRICS Foundation
_c2015
300 _ap.
490 _aCOBRA
_v2015
505 _aA comparative study of construction cost & commercial management systems in the UK and China
505 _aA comparison of international and Australian rating tools for sustainability elements of residential property
505 _aA conceptual framework towards evaluating construction contractors for sustainability
505 _aA critical review of construction safety training and education research
505 _aA framework to enhance construction productivity on projects involving international professionals and contractors in Sri Lanka
505 2 _aA review of curriculum design for building information modelling
505 2 _aA stakeholder theory perspective of contested roles and responsibilities in the construction industry
505 2 _aA study of the diffusion of information and communications technology (ICT) among quantity surveying firms in Nigeria
505 2 _aA systematic review on the success factors of the energy efficiency rating systems
505 2 _aA theoretical framework for selecting building procurement routes
505 _aAn investigation into the influence of design and build procurement methods on client value for money
505 _aAddressing the subjective view of value delivery
505 _aAnalysis of the impact of the European construction products directive on the UK brick manufacturers
505 _aThe development of a theoretical framework for briefing using a value management approach
505 _aSelecting designers using the Performance Information Procurement System (PIPS)
505 _aTime dependent behaviour of embankment reinforced with limited life geotextiles
505 _aBehavioral outcomes in participative value management process
505 _aUse of the performance information as a minimum qualification
505 _aPost completion risk transfer audits: an analytical risk management tool using social network analysis
505 _aAdaptive reuse of industrial heritage for cultural purposes in three Chinese mega-cities Beijing, Shanghai and Chongqing
505 _aCapitalising on the potential role of IT in teamworking in concurrent engineering initiatives in construction
505 _aEnhancing construction/off-highway plant productivity through web-based information management
505 _aCost savings from electronic document management systems: the hard facts
505 _aRisk mangement on variations - two civil engineering case studies
505 _aThe role of trust in negotiating pareto-optimal solutions in dispute resolution
505 _aUsing CBR to improve knowledge intensive business processes in the construction supply chains
505 _aCharacterisation of the Portuguese R and M construction market: a special focus on heritage buildings
505 _aBenchmarking innovation in public private partnership schemes
505 _aCritical success factors in Malaysian construction joint venture projects
505 _aMoving towards more sustainable construction
505 _aWhole-life management of buildings: towards closing the feedback loop
505 _aEconomic challenges of sustainable construction
505 _aStrategic objectives of firms within a UK construction paradigm: the impact on the micro-enterprise objectives
505 _aBiologically based CAD tool
650 _aCOBRA
651 4 _aENGLAND AND WALES
690 _aBUILT ENVIRONMENT
700 _aSutrisna, Monty
700 _aEllis, R. C. T.
700 _aWilkinson, Sara J.
700 _aProverbs, D.
700 _aBartolo, H. M. G.
700 _aKashyap, M.
700 _aAbrahams, Kevin
700 _aThomson, Derek S.
700 _aBorthwick, F.
700 _aKelly, John
700 _aKashiwagi, Dean
700 _aMwasha, A.
700 _aLeung, Mei-Yung
700 _aPryke, Stephen D.
700 _aClarke, R.
700 _aSoetanto, Robby
700 _aSharp, Mark
700 _aUmeadi, B. B. N.
700 _aMcCabe, Steven
700 _aOluwoye, J.
700 _aPoon, Joanna
700 _aSmallwood, J. J.
700 _aEgbu, Charles O.
700 _aOloke, D. A.
700 _aCraig, Nigel
700 _aPotts, Keith
700 _aBass, Colleen
700 _aRibeiro, Francisco Loforte
700 _aOliveira, R.
700 _aChinyio, Ezekiel
_cDr
700 _aAdnan, Hamimah
700 _aZainul-Abidin, N.
700 _aKishk, Mohammed
700 _aZhou, Lei
700 _aSommerville, James
700 _aMcCarney, Michael
700 _aAlves, N. M. F.
710 _aRoyal Institution of Chartered Surveyors
_bFoundation
_94173
710 _aUniversity of Wolverhampton, School of Engineering and the Built Environment
_94726
942 _n0
999 _c115606
_d115606